[Event "Dhaka Elegant Aspirant 2nd"]
[Site "Dhaka"]
[Date "2024.02.23"]
[Round "3"]
[White "Murshed, Niaz"]
[Black "Aradhya, Garg"]
[Result "1/2-1/2"]
[WhiteElo "2363"]
[BlackElo "2392"]
[PlyCount "33"]
[EventDate "2024.02.21"]
[EventType "tourn"]
[EventRounds "9"]
[EventCountry "BAN"]
[EventCategory "6"]
[SourceTitle "CB10_2024"]
[SourceDate "2024.03.06"]
[SourceVersion "1"]
[SourceVersionDate "2024.03.06"]
[SourceQuality "1"]

1. e4 e5 2. Nf3 Nc6 3. Bc4 Nf6 4. d3 Bc5 5. Nc3 0-0 6. 0-0 d6 7. a3 Bg4 8. h3 Bxf3 9. Qxf3 Nd4 10. Qd1 c6 11. Ba2 b5 12. Ne2 d5 13. Ng3 Ne6 14. Qf3 Nd4 15. Qd1 Ne6 16. Qe2 Nd4 17. Qd1 1/2-1/2

[Event "Asian Games tt"]
[Site "Hangzhou"]
[Date "2023.10.06"]
[Round "8.24"]
[White "Murshed, Niaz"]
[Black "Arunnuntapanich, Tinnakrit"]
[Result "1-0"]
[WhiteElo "2371"]
[BlackElo "2098"]
[PlyCount "89"]
[EventDate "2023.09.29"]
[EventType "team-tourn"]
[EventRounds "9"]
[EventCountry "CHN"]
[SourceTitle "EXT 2024"]
[Source "ChessBase"]
[SourceDate "2023.10.10"]
[SourceVersion "1"]
[SourceVersionDate "2023.10.10"]
[SourceQuality "1"]
[WhiteTeam "Bangladesh"]
[BlackTeam "Thailand"]
[WhiteTeamCountry "BAN"]
[BlackTeamCountry "THA"]

1. d4 g6 2. c4 Bg7 3. Nc3 d6 4. Nf3 Nc6 5. d5 Ne5 6. Nd2 c5 7. e4 Nf6 8. Be2 h5 9. f4 Neg4 10. Nf3 Nd7 11. h3 Nh6 12. 0-0 f5 13. Bd3 fxe4 14. Nxe4 Nf5 15. Neg5 Nf8 16. Qc2 h4 17. Bd2 Bd7 18. Rae1 Nh7 19. Ne6 Bxe6 20. dxe6 Qb6 21. Bxf5 gxf5 22. Nxh4 Qxb2 23. Qxb2 Bxb2 24. Nxf5 b6 25. g4 Nf8 26. Kg2 Rh7 27. Ne3 Ng6 28. Nd5 0-0-0 29. f5 Ne5 30. Bg5 Nc6 31. h4 Rg7 32. Re4 Rdg8 33. Kh3 Be5 34. f6 exf6 35. Bxf6 Bxf6 36. Rxf6 Ne5 37. g5 Rh8 38. Kg3 Re8 39. Ref4 Ng6 40. R4f5 Rgg8 41. h5 Nf8 42. e7 Nh7 43. Rg6 Kd7 44. Rxg8 Rxg8 45. g6 1-0

[Event "Asian Games tt"]
[Site "Hangzhou"]
[Date "2023.09.29"]
[Round "1.12"]
[White "Murshed, Niaz"]
[Black "Pour Agha Bala, Amirreza"]
[Result "1-0"]
[WhiteElo "2371"]
[BlackElo "2503"]
[PlyCount "105"]
[EventDate "2023.09.29"]
[EventType "team-tourn"]
[EventRounds "9"]
[EventCountry "CHN"]
[SourceTitle "EXT 2024"]
[Source "ChessBase"]
[SourceDate "2023.10.10"]
[SourceVersion "1"]
[SourceVersionDate "2023.10.10"]
[SourceQuality "1"]
[WhiteTeam "Bangladesh"]
[BlackTeam "Iran"]
[WhiteTeamCountry "BAN"]
[BlackTeamCountry "IRI"]

1. d4 Nf6 2. Nf3 d5 3. c4 e6 4. Nc3 c6 5. e3 Nbd7 6. Qc2 Bd6 7. Bd3 dxc4 8. Bxc4 b5 9. Be2 Bb7 10. 0-0 0-0 11. Rd1 Qe7 12. e4 e5 13. dxe5 Nxe5 14. Nd4 Bc5 15. Nf5 Qc7 16. h3 Rfe8 17. Bg5 Ned7 18. b4 Bxb4 19. Nxb5 Qe5 20. Nbd6 Bxd6 21. Nxd6 Qxg5 22. Qb3 Rf8 23. Qxb7 Ne5 24. Rab1 a5 25. Qb3 Rad8 26. Qa3 Ng6 27. Nxf7 Kxf7 28. Bc4+ Nd5 29. exd5 cxd5 30. Qf3+ Nf4 31. Bxd5+ Rxd5 32. Rxd5 Qxd5 33. Qxf4+ Kg8 34. Qa4 Kh8 35. Qc2 Rd8 36. a4 h6 37. Re1 Qd7 38. Re5 Rc8 39. Qe4 Qd2 40. Qf5 Ra8 41. Re4 Qd1+ 42. Kh2 Qd6+ 43. Qe5 Qb6 44. f4 Rf8 45. Rc4 Rg8 46. Rc5 Ra8 47. Rc7 Qg6 48. Re7 Ra6 49. Re8+ Kh7 50. Qb8 Qf5 51. Rh8+ Kg6 52. Qe8+ Qf7 53. f5+ 1-0

[Event "Asia zt 3.2"]
[Site "Dhaka"]
[Date "2023.05.05"]
[Round "4"]
[White "Murshed, Niaz"]
[Black "Mohammed Abdul, Malek"]
[Result "1-0"]
[WhiteElo "2384"]
[BlackElo "2087"]
[PlyCount "61"]
[EventDate "2023.05.02"]
[EventType "swiss"]
[EventRounds "9"]
[EventCountry "BAN"]
[SourceTitle "CBM 214 Extra"]
[Source "ChessBase"]
[SourceDate "2023.07.31"]
[SourceVersion "1"]
[SourceVersionDate "2023.07.31"]
[SourceQuality "1"]

1. c4 c6 2. d4 d5 3. Nc3 Nf6 4. e3 e6 5. Nf3 Nbd7 6. Qc2 Bd6 7. Be2 0-0 8. 0-0 Re8 9. Bd2 h6 10. h3 dxc4 11. Bxc4 e5 12. Bd3 Qe7 13. Nh4 Nb6 14. dxe5 Bxe5 15. Nf3 Bc7 16. e4 Be6 17. b3 Rad8 18. Rfe1 Nfd7 19. Nd5 Bxd5 20. exd5 Qd6 21. dxc6 Ne5 22. Rxe5 Rxe5 23. Bf4 f6 24. Bxe5 fxe5 25. Bh7+ Kh8 26. cxb7 Bb8 27. Be4 Rf8 28. Rd1 Qe7 29. g3 Rd8 30. Rxd8+ Qxd8 31. Nh4 1-0

[Event "Asia zt 3.2"]
[Site "Dhaka"]
[Date "2023.05.02"]
[Round "1"]
[White "Muhammed, Shuaau"]
[Black "Murshed, Niaz"]
[Result "1/2-1/2"]
[WhiteElo "1998"]
[BlackElo "2384"]
[PlyCount "72"]
[EventDate "2023.05.02"]
[EventType "swiss"]
[EventRounds "9"]
[EventCountry "BAN"]
[SourceTitle "CBM 214 Extra"]
[Source "ChessBase"]
[SourceDate "2023.07.31"]
[SourceVersion "1"]
[SourceVersionDate "2023.07.31"]
[SourceQuality "1"]

1. e4 c5 2. Nf3 e6 3. d4 cxd4 4. Nxd4 a6 5. c4 Nf6 6. Nc3 Bb4 7. Qd3 Qc7 8. a3 Be7 9. Be2 Nc6 10. Nxc6 dxc6 11. Be3 0-0 12. c5 e5 13. 0-0 Be6 14. Na4 h6 15. Qc2 Rad8 16. Nb6 Nd7 17. Nxd7 Rxd7 18. Rad1 Rfd8 19. b4 Bg5 20. Rxd7 Rxd7 21. Bxg5 hxg5 22. Rd1 Rd4 23. g3 Qd8 24. Rxd4 Qxd4 25. Qd3 g4 26. Qxd4 exd4 27. Bd3 Kf8 28. Kg2 g6 29. f3 f5 30. Kf2 Ke7 31. Ke2 Kf6 32. f4 fxe4 33. Bxe4 Bc4+ 34. Bd3 Bd5 35. Bb1 Bc4+ 36. Bd3 Bd5 1/2-1/2

[Event "BAN-ch 47th"]
[Site "Dhaka"]
[Date "2022.12.29"]
[Round "13"]
[White "Murshed, Niaz"]
[Black "Rahman, Ziaur"]
[Result "0-1"]
[WhiteElo "2419"]
[BlackElo "2464"]
[PlyCount "78"]
[EventDate "2022.12.15"]
[EventType "tourn"]
[EventRounds "13"]
[EventCountry "BAN"]
[EventCategory "1"]
[SourceTitle "CBM 212 Extra"]
[Source "ChessBase"]
[SourceDate "2023.03.31"]
[SourceVersion "1"]
[SourceVersionDate "2023.03.31"]
[SourceQuality "1"]

1. d4 d5 2. c4 e6 3. Nc3 c6 4. e3 f5 5. f4 Nf6 6. Nf3 Bb4 7. Bd2 0-0 8. Be2 b6 9. 0-0 a5 10. Ne5 Ba6 11. b3 Qc7 12. Rc1 Qb7 13. Na4 Ba3 14. Rc2 b5 15. cxb5 Bxb5 16. Bxb5 cxb5 17. Nc5 Bxc5 18. dxc5 Nc6 19. Nxc6 Qxc6 20. Bc1 Ne4 21. Bb2 Rf7 22. Qd4 b4 23. Ra1 Rb8 24. Qe5 Rb5 25. Bd4 h5 26. h3 h4 27. Kh2 Rf6 28. a3 bxa3 29. Rxa3 Rg6 30. Ra1 Kh7 31. Rca2 Rxb3 32. Rxa5 Rb7 33. R1a2 Ng3 34. Ra7 Nf1+ 35. Kh1 Ng3+ 36. Kh2 Nf1+ 37. Kh1 Qb5 38. c6 Qb1 39. Ra1 Nxe3+ 0-1

[Event "BAN-ch 47th"]
[Site "Dhaka"]
[Date "2022.12.19"]
[Round "5"]
[White "Hossain, Enamul"]
[Black "Murshed, Niaz"]
[Result "1/2-1/2"]
[WhiteElo "2372"]
[BlackElo "2419"]
[PlyCount "37"]
[EventDate "2022.12.15"]
[EventType "tourn"]
[EventRounds "13"]
[EventCountry "BAN"]
[EventCategory "1"]
[SourceTitle "CBM 212 Extra"]
[Source "ChessBase"]
[SourceDate "2023.03.31"]
[SourceVersion "1"]
[SourceVersionDate "2023.03.31"]
[SourceQuality "1"]

1. e4 c5 2. Nf3 Nc6 3. d4 cxd4 4. Nxd4 g6 5. c4 Nf6 6. Nc3 Nxd4 7. Qxd4 d6 8. f3 Bg7 9. Be3 0-0 10. Qd2 Be6 11. Rc1 Qa5 12. b3 Rfc8 13. Bd3 Nd7 14. Nb5 Qxd2+ 15. Kxd2 Nc5 16. Be2 a6 17. Nd4 Bd7 18. Rhd1 Ne6 19. Nxe6 1/2-1/2

[Event "BAN-chT Premier"]
[Site "Dhaka"]
[Date "2022.12.05"]
[Round "6.1"]
[White "Rahman, Ziaur"]
[Black "Murshed, Niaz"]
[Result "1-0"]
[WhiteElo "2464"]
[BlackElo "2419"]
[PlyCount "67"]
[EventDate "2022.11.30"]
[EventType "team-tourn"]
[EventRounds "11"]
[EventCountry "BAN"]
[SourceTitle "CBM 211 Extra"]
[Source "ChessBase"]
[SourceDate "2023.01.31"]
[SourceVersion "1"]
[SourceVersionDate "2023.01.31"]
[SourceQuality "1"]
[WhiteTeam "Bangladesh Police"]
[BlackTeam "Palli Sanchoy Bank"]
[WhiteTeamCountry "BAN"]
[BlackTeamCountry "BAN"]

1. Nf3 Nf6 2. g3 b6 3. Bg2 Bb7 4. 0-0 g6 5. c4 Bg7 6. d4 0-0 7. d5 d6 8. Nc3 c5 9. Bf4 Na6 10. e4 Nc7 11. Re1 Nh5 12. Bg5 h6 13. Be3 Qd7 14. Qd2 Kh7 15. Rad1 Rad8 16. Nh4 Ba6 17. Qe2 Nf6 18. a4 e5 19. dxe6 Qxe6 20. Nb5 Bxb5 21. axb5 a6 22. bxa6 Nxa6 23. Bd2 Nd7 24. Bc3 Nc7 25. Bxg7 Kxg7 26. f4 Rfe8 27. Qd3 Nf6 28. Ra1 b5 29. b3 bxc4 30. bxc4 Ra8 31. Rxa8 Nxa8 32. f5 Qe5 33. Nf3 Qb2 34. fxg6 1-0

[Event "BAN-chT Premier"]
[Site "Dhaka"]
[Date "2022.12.02"]
[Round "3.1"]
[White "Murshed, Niaz"]
[Black "Md Abzid, Rahman"]
[Result "1-0"]
[WhiteElo "2419"]
[BlackElo "2043"]
[PlyCount "71"]
[EventDate "2022.11.30"]
[EventType "team-tourn"]
[EventRounds "11"]
[EventCountry "BAN"]
[SourceTitle "CBM 211 Extra"]
[Source "ChessBase"]
[SourceDate "2023.01.31"]
[SourceVersion "1"]
[SourceVersionDate "2023.01.31"]
[SourceQuality "1"]
[WhiteTeam "Palli Sanchoy Bank"]
[BlackTeam "Sheikh Russel"]
[WhiteTeamCountry "BAN"]
[BlackTeamCountry "BAN"]

1. Nf3 d5 2. c4 e6 3. g3 Nf6 4. Bg2 Be7 5. 0-0 0-0 6. d4 c6 7. Qc2 Nbd7 8. Rd1 b6 9. b3 Bb7 10. Nc3 Qc8 11. Bb2 Ba6 12. Nd2 b5 13. Ncb1 bxc4 14. bxc4 Nb6 15. c5 Nc4 16. Nxc4 Bxc4 17. e4 Qa6 18. e5 Ne4 19. f3 Be2 20. fxe4 Bxd1 21. Qxd1 Rab8 22. Bf1 Qb7 23. Bc3 dxe4 24. Nd2 e3 25. Ne4 Qd7 26. Qf3 f5 27. exf6 Bxf6 28. Qxe3 Kh8 29. Nxf6 Rxf6 30. d5 e5 31. Bxe5 Re8 32. Qd4 Rf7 33. d6 Qf5 34. Re1 Rb8 35. Bd3 Qh3 36. Qh4 1-0

[Event "BAN-chT Premier"]
[Site "Dhaka"]
[Date "2022.11.30"]
[Round "1.1"]
[White "Murshed, Niaz"]
[Black "Md, Mesbah Uddin"]
[Result "1-0"]
[WhiteElo "2419"]
[BlackElo "1778"]
[PlyCount "82"]
[EventDate "2022.11.30"]
[EventType "team-tourn"]
[EventRounds "11"]
[EventCountry "BAN"]
[SourceTitle "CBM 211 Extra"]
[Source "ChessBase"]
[SourceDate "2023.01.31"]
[SourceVersion "1"]
[SourceVersionDate "2023.01.31"]
[SourceQuality "1"]
[WhiteTeam "Palli Sanchoy Bank"]
[BlackTeam "Sultana Kamal Smirity Pathagar"]
[WhiteTeamCountry "BAN"]
[BlackTeamCountry "BAN"]

1. Nf3 Nc6 2. d4 d5 3. c4 Nf6 4. cxd5 Qxd5 5. Nc3 Qh5 6. e4 Bg4 7. Be2 e6 8. e5 Nd5 9. Nxd5 exd5 10. 0-0 Qf5 11. h3 Bxf3 12. Bxf3 Qd7 13. Be3 Ne7 14. Bg4 Qc6 15. a4 a5 16. Rc1 Qb6 17. f4 g6 18. f5 h5 19. f6 Nc6 20. Bf3 0-0-0 21. Qd2 Qb4 22. Qxb4 Nxb4 23. Be2 Bh6 24. Bxh6 Rxh6 25. Kf2 Rhh8 26. g4 hxg4 27. Bxg4+ Kb8 28. Ke3 c6 29. Rfd1 Kc7 30. Kf4 Na6 31. Kg5 Rhg8 32. Re1 Nb4 33. e6 fxe6 34. Rxe6 Nd3 35. Re7+ Kb6 36. Rc3 Nb4 37. Rf7 Rgf8 38. Kxg6 Ka7 39. Kg7 Kb8 40. Rd7 Rc8 41. Rc7 Ka7 1-0

[Event "BAN-chT"]
[Site "Dhaka"]
[Date "2022.03.16"]
[Round "7.1"]
[White "S, M Sharon"]
[Black "Murshed, Niaz"]
[Result "0-1"]
[WhiteElo "2087"]
[BlackElo "2418"]
[PlyCount "108"]
[EventDate "2022.03.10"]
[EventType "team-tourn"]
[EventRounds "11"]
[EventCountry "BAN"]
[SourceTitle "CBM 207 Extra"]
[Source "ChessBase"]
[SourceDate "2022.05.31"]
[SourceVersion "1"]
[SourceVersionDate "2022.05.31"]
[SourceQuality "1"]
[WhiteTeam "Shahin CC"]
[BlackTeam "SAIF Sporting Club"]
[WhiteTeamCountry "BAN"]
[BlackTeamCountry "BAN"]

1. Nf3 Nf6 2. d3 d5 3. Nbd2 Nc6 4. e4 e5 5. c3 a5 6. a4 Bc5 7. Be2 0-0 8. 0-0 Re8 9. Qc2 h6 10. h3 Ba7 11. Rd1 Be6 12. Nf1 d4 13. Ng3 Qd6 14. Bd2 Qc5 15. c4 Qd6 16. Nh4 Bc5 17. Nhf5 Qd7 18. Qc1 Bf8 19. Rf1 Ne7 20. Nxe7+ Bxe7 21. f4 exf4 22. Bxf4 Nh7 23. Nh5 Bg5 24. b3 Qe7 25. Rf3 c6 26. Qd2 g6 27. Bxg5 hxg5 28. Ng3 Qc7 29. Nh1 Qe5 30. Rff1 Nf6 31. Qe1 Kg7 32. Qg3 Qxg3 33. Nxg3 Nd7 34. Rfb1 Nc5 35. Bf1 Red8 36. Ra2 Kf6 37. e5+ Kxe5 38. Re1+ Kf6 39. Ne4+ Nxe4 40. Rxe4 Bf5 41. Rf2 Kg7 42. Re7 Rd7 43. Re5 Kf6 44. Rc5 Rd6 45. g4 b6 46. Rxc6 Rxc6 47. Bg2 Rac8 48. Bxc6 Rxc6 49. gxf5 gxf5 50. b4 axb4 51. Rb2 Ke5 52. Rxb4 Kf4 53. Rb5 Ke3 54. Rxf5 f6 0-1

[Event "BAN-chT"]
[Site "Dhaka"]
[Date "2022.03.10"]
[Round "1.1"]
[White "Sadnan Hasan, Dihan"]
[Black "Murshed, Niaz"]
[Result "0-1"]
[WhiteElo "2132"]
[BlackElo "2418"]
[PlyCount "90"]
[EventDate "2022.03.10"]
[EventType "team-tourn"]
[EventRounds "11"]
[EventCountry "BAN"]
[SourceTitle "CBM 207 Extra"]
[Source "ChessBase"]
[SourceDate "2022.05.31"]
[SourceVersion "1"]
[SourceVersionDate "2022.05.31"]
[SourceQuality "1"]
[WhiteTeam "Rupali Bank Krira Parisad"]
[BlackTeam "SAIF Sporting Club"]
[WhiteTeamCountry "BAN"]
[BlackTeamCountry "BAN"]

1. e4 e6 2. d4 d5 3. Nd2 Be7 4. Ngf3 Nf6 5. Bd3 c5 6. exd5 Qxd5 7. dxc5 Qxc5 8. 0-0 Nbd7 9. c3 Qc7 10. Nb3 b6 11. Re1 Bb7 12. Qe2 0-0 13. h3 a6 14. Bg5 h6 15. Bxf6 Nxf6 16. Rad1 Rfd8 17. Ne5 Bd6 18. Ng4 Nxg4 19. Qxg4 Be5 20. Qc4 Qxc4 21. Bxc4 Bf6 22. Be2 a5 23. Nd2 Rac8 24. Bf3 Ba6 25. Ne4 Be7 26. Rxd8+ Rxd8 27. Rd1 Rxd1+ 28. Bxd1 Bd3 29. f3 f5 30. Nf2 Bc5 31. b4 Be3 32. g3 axb4 33. cxb4 Bc4 34. a4 Kf7 35. Bc2 Kf6 36. Kg2 Bd2 37. Nd3 e5 38. Nb2 Bd5 39. b5 e4 40. fxe4 fxe4 41. Kf2 Ke5 42. Ke2 Bc1 43. Nd1 Kd4 44. Nf2 Bc4+ 45. Ke1 e3 0-1

[Event "BAN-ch 46th"]
[Site "Dhaka"]
[Date "2022.01.10"]
[Round "13"]
[White "Murshed, Niaz"]
[Black "Mohammad, Minhaz Uddin"]
[Result "0-1"]
[WhiteElo "2419"]
[BlackElo "2259"]
[PlyCount "96"]
[EventDate "2021.12.27"]
[EventType "tourn"]
[EventRounds "13"]
[EventCountry "BAN"]
[EventCategory "1"]
[SourceTitle "EXT 2023"]
[Source "ChessBase"]
[SourceDate "2022.10.05"]
[SourceVersion "1"]
[SourceVersionDate "2022.10.05"]
[SourceQuality "1"]

1. d4 Nf6 2. c4 e6 3. Nf3 b6 4. g3 Bb7 5. Bg2 Bb4+ 6. Nbd2 0-0 7. 0-0 Re8 8. a3 Bf8 9. e4 d6 10. e5 dxe5 11. dxe5 Nfd7 12. Qc2 Nc6 13. Ne4 Qc8 14. Bf4 h6 15. g4 Nc5 16. Ng3 Ne7 17. b4 Nd7 18. Ne4 Ng6 19. Bg3 a5 20. b5 Nc5 21. Nxc5 Bxc5 22. a4 Qd7 23. Rad1 Qe7 24. h4 Rad8 25. h5 Nf8 26. Bh4 Bxf3 27. Bxe7 Bxd1 28. Rxd1 Rxd1+ 29. Qxd1 Bxe7 30. Bc6 Rd8 31. Qe2 Rd4 32. Kg2 g5 33. Be4 Nd7 34. Bb1 Bf8 35. c5 Nxc5 36. Bc2 Bg7 37. Kh3 Nd7 38. Be4 Nxe5 39. f3 Nd7 40. Bc6 Nc5 41. Qh2 Rf4 42. Qd2 Be5 43. Qe2 Bd6 44. Be4 Nxa4 45. Bc2 Nc5 46. Kg2 a4 47. Bb1 Nd7 48. Ba2 Ne5 0-1

[Event "BAN-ch 46th"]
[Site "Dhaka"]
[Date "2022.01.09"]
[Round "12"]
[White "Md, Sharif Hossain"]
[Black "Murshed, Niaz"]
[Result "0-1"]
[WhiteElo "2211"]
[BlackElo "2419"]
[PlyCount "102"]
[EventDate "2021.12.27"]
[EventType "tourn"]
[EventRounds "13"]
[EventCountry "BAN"]
[EventCategory "1"]
[SourceTitle "EXT 2023"]
[Source "ChessBase"]
[SourceDate "2022.10.05"]
[SourceVersion "1"]
[SourceVersionDate "2022.10.05"]
[SourceQuality "1"]

1. e4 c5 2. Nf3 Nc6 3. Bb5 g6 4. 0-0 Bg7 5. Re1 e5 6. a3 Nge7 7. d3 0-0 8. Be3 Nd4 9. Bc4 d6 10. Ng5 h6 11. c3 Ndc6 12. Nf3 b6 13. b4 Bb7 14. Qb3 Rb8 15. Nbd2 Qe8 16. h3 Kh8 17. Nh2 f5 18. f4 fxe4 19. Nxe4 exf4 20. Bf2 d5 21. Bxd5 Nxd5 22. Qxd5 Nxb4 23. Qd6 Rd8 24. axb4 Rxd6 25. Nxd6 Qc6 26. Nxb7 Bxc3 27. Nxc5 bxc5 28. Bxc5 Bxe1 29. Bxf8 Bxb4 30. Bxb4 Qb6+ 31. Kf1 Qxb4 32. Nf3 a5 33. Rc1 a4 34. Rc8+ Kg7 35. Rc7+ Kf8 36. Rc4 Qb1+ 37. Ke2 g5 38. Nd2 Qg1 39. Rxa4 Qxg2+ 40. Kd1 Qh1+ 41. Kc2 Qxh3 42. Ne4 Qe3 43. Ra6 Kg7 44. Nd6 Qe6 45. Ra7+ Kg6 46. Ne4 g4 47. Kd2 Qb6 48. Ra8 Qb2+ 49. Kd1 f3 50. Rg8+ Kh5 51. Rf8 Qb1+ 0-1

[Event "BAN-ch 46th"]
[Site "Dhaka"]
[Date "2022.01.04"]
[Round "8"]
[White "Murshed, Niaz"]
[Black "Mehdi, Hasan Parag"]
[Result "1-0"]
[WhiteElo "2419"]
[BlackElo "2230"]
[PlyCount "144"]
[EventDate "2021.12.27"]
[EventType "tourn"]
[EventRounds "13"]
[EventCountry "BAN"]
[EventCategory "1"]
[SourceTitle "EXT 2023"]
[Source "ChessBase"]
[SourceDate "2022.10.05"]
[SourceVersion "1"]
[SourceVersionDate "2022.10.05"]
[SourceQuality "1"]

1. Nf3 d5 2. c4 c6 3. e3 Nf6 4. Nc3 Bf5 5. cxd5 cxd5 6. Qb3 Nc6 7. Qxb7 Bd7 8. Nb5 Rc8 9. Nbd4 Rc7 10. Nxc6 Bxc6 11. Qa6 Nd7 12. Nd4 Bb7 13. Qa4 Qc8 14. Qd1 a6 15. Be2 e5 16. Nb3 Bd6 17. d4 0-0 18. Bd2 e4 19. Ba5 Rc6 20. Rc1 f5 21. g3 g5 22. Rxc6 Bxc6 23. h4 f4 24. gxf4 gxf4 25. Rg1+ Kh8 26. Bxa6 fxe3 27. fxe3 Qe8 28. Qg4 Qe7 29. Be2 Nf6 30. Qg2 Ra8 31. Bc3 Rxa2 32. Nc5 Ra8 33. Kd2 Rg8 34. Qh1 Rb8 35. h5 Nd7 36. Kc2 Rf8 37. Qg2 Nf6 38. Qh3 Bd7 39. Qh4 Bc8 40. Kb1 Ng8 41. Qxe7 Nxe7 42. Nxe4 Bf5 43. Bd3 h6 44. Kc2 Bxe4 45. Bxe4 Rf2+ 46. Kd1 Rh2 47. Bg6 Nxg6 48. Rxg6 Bf8 49. Rf6 Be7 50. Rxh6+ Kg7 51. Re6 Bf6 52. Rd6 Rxh5 53. Rd7+ Kf8 54. Ke2 Ke8 55. Ra7 Kd8 56. b4 Kc8 57. Kd3 Bd8 58. Rf7 Rh6 59. Rf5 Rd6 60. b5 Kb7 61. Bb4 Rd7 62. Bc5 Ba5 63. Rf6 Bc7 64. Ra6 Bb8 65. Rb6+ Kc8 66. Re6 Rh7 67. Re8+ Kb7 68. Rd8 Rh5 69. Rd7+ Kc8 70. Rf7 Rg5 71. Ba7 Bxa7 72. Rxa7 Rg1 1-0

[Event "Dhaka Sheikh Russel op"]
[Site "Dhaka"]
[Date "2021.10.26"]
[Round "8"]
[White "Murshed, Niaz"]
[Black "Kislinsky, Alexey"]
[Result "1-0"]
[WhiteElo "2410"]
[BlackElo "2335"]
[PlyCount "79"]
[EventDate "2021.10.19"]
[EventType "swiss"]
[EventRounds "9"]
[EventCountry "BAN"]
[SourceTitle "EXT 2023"]
[Source "ChessBase"]
[SourceDate "2022.10.05"]
[SourceVersion "1"]
[SourceVersionDate "2022.10.05"]
[SourceQuality "1"]

1. d4 Nf6 2. c4 c5 3. d5 g6 4. Nc3 Bg7 5. e4 d6 6. Nf3 0-0 7. h3 a6 8. a4 b6 9. Bd3 Nbd7 10. 0-0 e5 11. dxe6 fxe6 12. Bc2 Qe7 13. Bf4 Ne8 14. Qd2 Bb7 15. Rad1 Bd4 16. Bg5 Bf6 17. Bh6 Bg7 18. Bxg7 Kxg7 19. Qg5 Qf7 20. Qg3 h6 21. Nh4 g5 22. e5 dxe5 23. Ng6 Nef6 24. Nxf8 Rxf8 25. Qe3 Qh5 26. Be4 Bxe4 27. Nxe4 Qh4 28. Rd6 Rf7 29. Nxf6 Kxf6 30. Rfd1 Nf8 31. b3 Ng6 32. Rxb6 g4 33. g3 Qxh3 34. Rdd6 Re7 35. Qe4 Nf8 36. Qh1 Qxh1+ 37. Kxh1 Nh7 38. Rxa6 Ng5 39. a5 Ne4 40. Rxe6+ 1-0